| 000 | 00943nam a2200277 i 4500 | ||
|---|---|---|---|
| 001 | 65388 | ||
| 003 | ES-MaACL | ||
| 005 | 20230906165347.0 | ||
| 007 | t| | ||
| 008 | 040112s1967 sp ||||1| spa d | ||
| 080 | _a323.118(680) | ||
| 080 | _a32(680)"1961/78" | ||
| 100 | 1 |
_aFrancos, Ania. _952285 |
|
| 245 | 1 | 0 |
_aSudáfrica : _bnazismo y apartheid / _cAnia Francos ; [traducción de Mª Teresa Lorés ; apéndices de Santi Soler e Ignasi Vidal]. |
| 260 |
_aBarcelona : _bEdima, _c1967. |
||
| 300 |
_a320 p., [16] p. de lám. : _bil. ; _c21 cm. |
||
| 490 | 1 | _aHistoria inmediata | |
| 650 | 4 |
_aDiscriminación racial- _zSudáfrica. _911936 |
|
| 651 | 4 |
_aSudáfrica- _xPolítica y gobierno- _y1961-1978. _9172918 |
|
| 700 | 1 |
_aLorés, María Teresa. _974201 |
|
| 700 | 1 |
_aSoler, Santi. _9107162 |
|
| 700 | 1 |
_aVidal, Ignacio. _9114432 |
|
| 830 | 1 |
_aHistoria inmediata _9177697 |
|
| 852 |
_aES-MaACL _jC-32307 |
||
| 999 |
_c65388 _d65388 |
||